Komunikační mix Seriál o marketingovém mixu služeb. 4
Úloha komunikačného mixu. Ciele komunikačného mixu. Požiadavky na komunikáciu so zákazníkmi. Využitie marketingu služieb k zviditeľneniu hmotných prvkov okolia produktu služieb. Reklama služieb. Reklamné ciele.
Gespeichert in:
| 1. Verfasser: | |
|---|---|
| Format: | Buchkapitel |
| Sprache: | Tschechisch |
| Schlagworte: | |
| Tags: |
Keine Tags, Fügen Sie das erste Tag hinzu!
|
MARC
| LEADER | 00000naa a2200000 4500 | ||
|---|---|---|---|
| 001 | r026963 | ||
| 005 | 20230522111751.6 | ||
| 041 | 0 | |a cze | |
| 044 | |a CZ | ||
| 245 | 1 | 0 | |a Komunikační mix |b Seriál o marketingovém mixu služeb. 4 |c L. Janečková |
| 520 | |a Úloha komunikačného mixu. Ciele komunikačného mixu. Požiadavky na komunikáciu so zákazníkmi. Využitie marketingu služieb k zviditeľneniu hmotných prvkov okolia produktu služieb. Reklama služieb. Reklamné ciele. | ||
| 610 | 2 | 0 | |a marketing mix |
| 610 | 2 | 0 | |a služby |
| 610 | 2 | 0 | |a komunikácia |
| 610 | 2 | 0 | |a zákazníci |
| 610 | 2 | 0 | |a trh |
| 610 | 2 | 0 | |a reklama |
| 100 | 1 | |a Janečková, Lidmila | |